The Japanese economy in international perspective

Đã lưu trong:
Bibliografiske detaljer
Hovedforfatter: Frank, Isaiah
Format: Bog
Sprog:Undetermined
Udgivet: London The Johns Hopkins University Press 1975
Fag:
Tags: Tilføj Tag
Ingen Tags, Vær først til at tagge denne postø!
Thư viện lưu trữ: Trung tâm Học liệu Trường Đại học Cần Thơ
LEADER 00557nam a2200205Ia 4500
001 CTU_97410
008 210402s9999 xx 000 0 und d
082 |a 330.9 
082 |b F828 
100 |a Frank, Isaiah 
245 4 |a The Japanese economy in international perspective 
245 0 |c Isaiah Frank 
260 |a London 
260 |b The Johns Hopkins University Press 
260 |c 1975 
650 |a Japan 
650 |x Economic conditions 
650 |y 1945-1989 
904 |i Tuyến 
980 |a Trung tâm Học liệu Trường Đại học Cần Thơ